000 00931nam0a22002411 4500
001 rc\477420
005 20250621101018.0
035 _a(NLR Aleph) 005720620
090 _a7475166
_c7475166
100 _a20030616d1988 |||y0rusy50 ca
101 0 _arus
102 _aRU
105 _ay |||||||||
200 1 _aВопросы морально-психологической подготовки личного состава Советской Армии и Военно-Морского Флота
_eМатериалы к лекциям
_fВ.Л. Марищук, д. психол. н., проф.
_gИн-т физ. культуры
210 _aЛ.
_cБ. и.
_d1988
215 _a40 с.
_d20
320 _aБиблиогр.: с. 38-39
700 1 _aМарищук
_bВ.Л.
_gВладимир Лаврентьевич
801 0 _aRU
_bNLR
_gpsbo
801 1 _aRU
_bELAR
_2rusmarc
852 _aNLR
_j90-4/10280
942 _cBOOK
980 _aNB